000 00620nam a2200241Ia 4500
003 OSt
005 20220927105655.0
006 a|||||r|||| 00| 0
007 ta
008 220926b |||||||| |||| 00| 0 eng d
024 _a197250
037 _cReference Collections
040 _aRTL
_cRTL
_beng
041 _2eng
_aeng
082 _a"Xz7, J8"
100 _aPEACOCK A
_9374175
245 0 _aInternational Economic Papers no.8
260 _aLondon
_c1958
300 _a235p.
_ccm.
490 _aPopular Social Science
942 _h"Xz7, J8"
_cCC
999 _c693870
_d693870